000 00353 a2200145 4500
001 154281
040 _cEscola São Tomás de Aquino
100 _aORTHOF, Sylvia
240 1 0 _aFraca fracola, galinha-d'angola
_lpor
245 1 0 _aFraca fracola, galinha-d'angola
362 0 _a2012
440 1 _aÁtica
697 _a*LITERATURA INFANTIL
942 _cBK
999 _c154281
_d154281